Podiums comparés (2) JO Tokyo / JO Paris par discipline - Statistiques

Statistiques générales
  • Ce quiz a été pris 10 fois
  • Le résultat moyen est 242 sur 312
Statistiques - réponses
Discipline Réponse % Correct
Paris Judo - Moins de 66 kg Argent Brésil H
100%
Tokyo Football Or Brésil H
100%
Tokyo Natation - 200 m nage libre Bronze Brésil H
100%
Tokyo Natation - 50 m nage libre Bronze Brésil H
100%
Tokyo Judo - Moins de 66 kg Bronze Corée-du-Sud | Brésil H
100%
Paris Football Or Espagne H
100%
Paris Handball Bronze Espagne H
100%
Tokyo Football Argent Espagne H
100%
Tokyo Gymnastique artistique - Sol Argent Espagne H
100%
Tokyo Handball Bronze Espagne H
100%
Paris Judo - Moins de 60 kg Bronze Espagne | Japon H
100%
Paris Football Argent France H
100%
Paris Judo - Moins de 60 kg Argent France H
100%
Paris Judo - Moins de 73 kg Argent France H
100%
Paris Judo - Plus de 100 kg Or France H
100%
Paris Natation - 200 m 4 nages Or France H
100%
Paris Natation - 200 m brasse Or France H
100%
Paris Natation - 200 m papillon Or France H
100%
Paris Natation - 4 x 100 m 4 nages Bronze France H
100%
Paris Natation - 400 m 4 nages Or France H
100%
Paris Natation - 50 m nage libre Bronze France H
100%
Tokyo Handball Or France H
100%
Tokyo Natation - 50 m nage libre Argent France H
100%
Paris Judo - Moins de 90 kg Bronze France | Grèce H
100%
Tokyo Judo - Moins de 60 kg Bronze France | Kazakhstan H
100%
Tokyo Judo - Plus de 100 kg Bronze France | Russie H
100%
Paris Football Bronze Maroc H
100%
Paris Handball Argent Allemagne H
89%
Paris Hockey-sur-gazon Argent Allemagne H
89%
Paris Natation - 10 km en eau libre Argent Allemagne H
89%
Paris Natation - 400 m nage libre Or Allemagne H
89%
Tokyo Gymnastique artistique - Barres parallèles Argent Allemagne H
89%
Tokyo Judo - Moins de 90 kg Argent Allemagne H
89%
Tokyo Natation - 10 km en eau libre Or Allemagne H
89%
Tokyo Natation - 1500 m nage libre Bronze Allemagne H
89%
Tokyo Lutte - Gréco-romaine - Moins de 67 kg Bronze Allemagne | Egypte H
89%
Tokyo Lutte - Gréco-romaine - Moins de 87 kg Bronze Allemagne | Serbie H
89%
Tokyo Judo - Moins de 81 kg Bronze Autriche | Belgique H
89%
Tokyo Hockey-sur-gazon Or Belgique H
89%
Paris Natation - 100 m papillon Argent Canada H
89%
Paris Natation - 100 m papillon Bronze Canada H
89%
Paris Natation - 200 m papillon Bronze Canada H
89%
Paris Gymnastique artistique - Anneaux Or Chine H
89%
Paris Gymnastique artistique - Anneaux Argent Chine H
89%
Paris Gymnastique artistique - Barres parallèles Or Chine H
89%
Paris Gymnastique artistique - Concours général individuel Argent Chine H
89%
Paris Gymnastique artistique - Concours général individuel Bronze Chine H
89%
Paris Gymnastique artistique - Concours général par équipes Argent Chine H
89%
Paris Haltérophilie - Moins 61 kg Or Chine H
89%
Paris Lutte - Gréco-romaine - Moins de 60 kg Argent Chine H
89%
Paris Natation - 100 m dos Argent Chine H
89%
Paris Natation - 100 m nage libre Or Chine H
89%
Paris Natation - 200 m 4 nages Bronze Chine H
89%
Paris Natation - 4 x 100 m 4 nages Or Chine H
89%
Tokyo Gymnastique artistique - Anneaux Or Chine H
89%
Tokyo Gymnastique artistique - Anneaux Argent Chine H
89%
Tokyo Gymnastique artistique - Barres parallèles Or Chine H
89%
Tokyo Gymnastique artistique - Concours général individuel Argent Chine H
89%
Tokyo Gymnastique artistique - Concours général par équipes Bronze Chine H
89%
Tokyo Gymnastique artistique - Sol Bronze Chine H
89%
Tokyo Haltérophilie - Moins 61 kg Or Chine H
89%
Tokyo Haltérophilie - Moins 73 kg Or Chine H
89%
Tokyo Natation - 200 m 4 nages Or Chine H
89%
Paris Lutte - Gréco-romaine - Moins de 130 kg Bronze Chine | Iran H
89%
Tokyo Lutte - Gréco-romaine - Moins de 60 kg Bronze Chine | Russie H
89%
Paris Gymnastique artistique - Barre fixe Bronze Chine | Taïwan H
89%
Paris Judo - Plus de 100 kg Argent Corée-du-Sud H
89%
Paris Natation - 400 m nage libre Bronze Corée-du-Sud H
89%
Tokyo Gymnastique artistique - Saut de cheval Or Corée-du-Sud H
89%
Tokyo Judo - Moins de 100 kg Argent Corée-du-Sud H
89%
Tokyo Pentathlon moderne Bronze Corée-du-Sud H
89%
Tokyo Judo - Moins de 73 kg Bronze Corée-du-Sud | Mongolie H
89%
Paris Judo - Moins de 81 kg Bronze Corée-du-Sud | Tadjikistan H
89%
Tokyo Lutte - Moins de 97 kg Bronze Cuba | Italie H
89%
Paris Handball Or Danemark H
89%
Tokyo Handball Argent Danemark H
89%
Paris Lutte - Gréco-romaine - Moins de 87 kg Bronze Danemark | Ukraine H
89%
Paris Golf Or Etats-Unis H
89%
Paris Gymnastique artistique - Cheval d'arçons Bronze Etats-Unis H
89%
Paris Gymnastique artistique - Concours général par équipes Bronze Etats-Unis H
89%
Paris Haltérophilie - Moins 61 kg Bronze Etats-Unis H
89%
Paris Lutte - Moins de 57 kg Argent Etats-Unis H
89%
Paris Natation - 100 m dos Bronze Etats-Unis H
89%
Paris Natation - 1500 m nage libre Or Etats-Unis H
89%
Paris Natation - 200 m nage libre Bronze Etats-Unis H
89%
Paris Natation - 4 x 100 m 4 nages Argent Etats-Unis H
89%
Paris Natation - 4 x 100 m nage libre Or Etats-Unis H
89%
Paris Natation - 4 x 200 m nage libre Argent Etats-Unis H
89%
Paris Natation - 400 m 4 nages Bronze Etats-Unis H
89%
Paris Natation - 800 m nage libre Argent Etats-Unis H
89%
Tokyo Golf Or Etats-Unis H
89%
Tokyo Lutte - Moins de 125 kg Or Etats-Unis H
89%
Tokyo Lutte - Moins de 86 kg Or Etats-Unis H
89%
Tokyo Lutte - Moins de 97 kg Argent Etats-Unis H
89%
Tokyo Natation - 100 m dos Bronze Etats-Unis H
89%
Tokyo Natation - 100 m nage libre Or Etats-Unis H
89%
Tokyo Natation - 100 m papillon Or Etats-Unis H
89%
Tokyo Natation - 1500 m nage libre Or Etats-Unis H
89%
Tokyo Natation - 200 m dos Argent Etats-Unis H
89%
Tokyo Natation - 4 x 100 m 4 nages Or Etats-Unis H
89%
Tokyo Natation - 4 x 100 m nage libre Or Etats-Unis H
89%
Tokyo Natation - 400 m 4 nages Or Etats-Unis H
89%
Tokyo Natation - 400 m 4 nages Argent Etats-Unis H
89%
Tokyo Natation - 400 m nage libre Bronze Etats-Unis H
89%
Tokyo Natation - 50 m nage libre Or Etats-Unis H
89%
Tokyo Natation - 800 m nage libre Or Etats-Unis H
89%
Paris Lutte - Moins de 74 kg Bronze Etats-Unis | Albanie H
89%
Paris Lutte - Moins de 86 kg Bronze Etats-Unis | Grèce H
89%
Tokyo Lutte - Moins de 74 kg Bronze Etats-Unis | Ouzbékistan H
89%
Paris Hockey-sur-gazon Bronze Inde H
89%
Tokyo Hockey-sur-gazon Bronze Inde H
89%
Tokyo Lutte - Moins de 57 kg Argent Inde H
89%
Paris Lutte - Moins de 57 kg Bronze Inde | Ouzbékistan H
89%
Tokyo Lutte - Moins de 125 kg Bronze Iran | Turquie H
89%
Paris Natation - 100 m brasse Or Italie H
89%
Paris Natation - 100 m dos Or Italie H
89%
Paris Natation - 1500 m nage libre Argent Italie H
89%
Paris Natation - 4 x 100 m nage libre Bronze Italie H
89%
Paris Natation - 800 m nage libre Bronze Italie H
89%
Paris Pentathlon moderne Bronze Italie H
89%
Tokyo Natation - 10 km en eau libre Bronze Italie H
89%
Tokyo Natation - 100 m brasse Bronze Italie H
89%
Tokyo Natation - 200 m papillon Bronze Italie H
89%
Tokyo Natation - 4 x 100 m 4 nages Bronze Italie H
89%
Tokyo Natation - 4 x 100 m nage libre Argent Italie H
89%
Tokyo Natation - 800 m nage libre Argent Italie H
89%
Paris Golf Bronze Japon H
89%
Paris Gymnastique artistique - Barre fixe Or Japon H
89%
Paris Gymnastique artistique - Barres parallèles Bronze Japon H
89%
Paris Gymnastique artistique - Concours général individuel Or Japon H
89%
Paris Gymnastique artistique - Concours général par équipes Or Japon H
89%
Paris Judo - Moins de 66 kg Or Japon H
89%
Paris Judo - Moins de 81 kg Or Japon H
89%
Paris Judo - Moins de 90 kg Argent Japon H
89%
Paris Lutte - Gréco-romaine - Moins de 60 kg Or Japon H
89%
Paris Lutte - Gréco-romaine - Moins de 77 kg Or Japon H
89%
Paris Lutte - Moins de 57 kg Or Japon H
89%
Paris Lutte - Moins de 65 kg Or Japon H
89%
Paris Lutte - Moins de 74 kg Argent Japon H
89%
Paris Natation - 400 m 4 nages Argent Japon H
89%
Paris Pentathlon moderne Argent Japon H
89%
Tokyo Gymnastique artistique - Barre fixe Or Japon H
89%
Tokyo Gymnastique artistique - Cheval d'arçons Bronze Japon H
89%
Tokyo Gymnastique artistique - Concours général individuel Or Japon H
89%
Tokyo Gymnastique artistique - Concours général par équipes Argent Japon H
89%
Tokyo Judo - Moins de 100 kg Or Japon H
89%
Tokyo Judo - Moins de 60 kg Or Japon H
89%
Tokyo Judo - Moins de 66 kg Or Japon H
89%
Tokyo Judo - Moins de 73 kg Or Japon H
89%
Tokyo Judo - Moins de 81 kg Or Japon H
89%
Tokyo Lutte - Gréco-romaine - Moins de 60 kg Argent Japon H
89%
Tokyo Lutte - Moins de 65 kg Or Japon H
89%
Tokyo Natation - 200 m papillon Argent Japon H
89%
Paris Judo - Moins de 73 kg Bronze Japon | Moldavie H
89%
Tokyo Lutte - Gréco-romaine - Moins de 77 kg Bronze Japon | Ouzbékistan H
89%
Tokyo Lutte - Moins de 57 kg Bronze Kazakhstan | Etats-Unis H
89%
Paris Hockey-sur-gazon Or Pays-Bas H
89%
Paris Natation - 200 m brasse Bronze Pays-Bas H
89%
Tokyo Natation - 100 m brasse Argent Pays-Bas H
89%
Tokyo Natation - 200 m brasse Argent Pays-Bas H
89%
Tokyo Lutte - Gréco-romaine - Moins de 97kg Bronze Pologne | Iran H
89%
Paris Natation - 100 m brasse Argent Royaume-Uni | Etats-Unis H
89%
Tokyo Lutte - Moins de 65 kg Bronze Russie | Inde H
89%
Tokyo Lutte - Gréco-romaine - Moins de 130 kg Bronze Russie | Turquie H
89%
Paris Natation - 200 m dos Bronze Suisse H
89%
Tokyo Natation - 100 m papillon Bronze Suisse H
89%
Tokyo Natation - 200 m 4 nages Bronze Suisse H
89%
Tokyo Gymnastique artistique - Barres parallèles Bronze Turquie H
89%
Paris Lutte - Moins de 125 kg Bronze Turquie | Azerbaïdjan H
89%
Paris Gymnastique artistique - Anneaux Bronze Grèce H
78%
Paris Natation - 200 m dos Argent Grèce H
78%
Tokyo Gymnastique artistique - Anneaux Bronze Grèce H
78%
Paris Natation - 10 km en eau libre Or Hongrie H
78%
Paris Natation - 10 km en eau libre Bronze Hongrie H
78%
Paris Natation - 100 m papillon Or Hongrie H
78%
Paris Natation - 200 m dos Or Hongrie H
78%
Paris Natation - 200 m papillon Argent Hongrie H
78%
Tokyo Lutte - Gréco-romaine - Moins de 77 kg Or Hongrie H
78%
Tokyo Lutte - Gréco-romaine - Moins de 87 kg Argent Hongrie H
78%
Tokyo Natation - 10 km en eau libre Argent Hongrie H
78%
Tokyo Natation - 100 m papillon Argent Hongrie H
78%
Tokyo Natation - 200 m papillon Or Hongrie H
78%
Tokyo Judo - Moins de 90 kg Bronze Hongrie | Ouzbékistan H
78%
Tokyo Football Bronze Mexique H
78%
Paris Golf Argent Royaume-Uni H
78%
Paris Gymnastique artistique - Saut de cheval Bronze Royaume-Uni H
78%
Paris Gymnastique artistique - Sol Bronze Royaume-Uni H
78%
Paris Natation - 200 m 4 nages Argent Royaume-Uni H
78%
Paris Natation - 200 m nage libre Argent Royaume-Uni H
78%
Paris Natation - 4 x 200 m nage libre Or Royaume-Uni H
78%
Paris Natation - 50 m nage libre Argent Royaume-Uni H
78%
Tokyo Gymnastique artistique - Cheval d'arçons Or Royaume-Uni H
78%
Tokyo Natation - 100 m brasse Or Royaume-Uni H
78%
Tokyo Natation - 200 m 4 nages Argent Royaume-Uni H
78%
Tokyo Natation - 200 m dos Bronze Royaume-Uni H
78%
Tokyo Natation - 200 m nage libre Or Royaume-Uni H
78%
Tokyo Natation - 200 m nage libre Argent Royaume-Uni H
78%
Tokyo Natation - 4 x 100 m 4 nages Argent Royaume-Uni H
78%
Tokyo Natation - 4 x 200 m nage libre Or Royaume-Uni H
78%
Tokyo Pentathlon moderne Or Royaume-Uni H
78%
Tokyo Gymnastique artistique - Barre fixe Bronze Russie H
78%
Tokyo Gymnastique artistique - Concours général individuel Bronze Russie H
78%
Tokyo Gymnastique artistique - Concours général par équipes Or Russie H
78%
Tokyo Gymnastique artistique - Saut de cheval Argent Russie H
78%
Tokyo Lutte - Gréco-romaine - Moins de 97kg Or Russie H
78%
Tokyo Lutte - Moins de 57 kg Or Russie H
78%
Tokyo Lutte - Moins de 74 kg Or Russie H
78%
Tokyo Lutte - Moins de 97 kg Or Russie H
78%
Tokyo Natation - 100 m dos Or Russie H
78%
Tokyo Natation - 100 m dos Argent Russie H
78%
Tokyo Natation - 100 m nage libre Bronze Russie H
78%
Tokyo Natation - 200 m dos Or Russie H
78%
Tokyo Natation - 4 x 200 m nage libre Argent Russie H
78%
Tokyo Lutte - Moins de 86 kg Bronze Russie | Saint-Marin H
78%
Tokyo Judo - Moins de 100 kg Bronze Russie | Sao Tomé-et-Principe H
78%
Paris Natation - 100 m nage libre Argent Australie H
67%
Paris Natation - 4 x 100 m nage libre Argent Australie H
67%
Paris Natation - 4 x 200 m nage libre Bronze Australie H
67%
Paris Natation - 400 m nage libre Argent Australie H
67%
Paris Natation - 50 m nage libre Or Australie H
67%
Tokyo Hockey-sur-gazon Argent Australie H
67%
Tokyo Natation - 100 m nage libre Argent Australie H
67%
Tokyo Natation - 200 m brasse Or Australie H
67%
Tokyo Natation - 4 x 100 m nage libre Bronze Australie H
67%
Tokyo Natation - 4 x 200 m nage libre Bronze Australie H
67%
Tokyo Natation - 400 m 4 nages Bronze Australie H
67%
Tokyo Natation - 400 m nage libre Argent Australie H
67%
Paris Lutte - Gréco-romaine - Moins de 67 kg Bronze Azerbaïdjan | Cuba H
67%
Paris Gymnastique artistique - Barre fixe Argent Colombie H
67%
Paris Pentathlon moderne Or Egypte H
67%
Tokyo Pentathlon moderne Argent Egypte H
67%
Tokyo Natation - 200 m brasse Bronze Finlande H
67%
Paris Gymnastique artistique - Cheval d'arçons Or Irlande H
67%
Paris Natation - 1500 m nage libre Bronze Irlande H
67%
Paris Natation - 800 m nage libre Or Irlande H
67%
Paris Judo - Moins de 100 kg Bronze Israël | Ouzbékistan H
67%
Paris Gymnastique artistique - Cheval d'arçons Argent Kazakhstan H
67%
Paris Judo - Moins de 60 kg Or Kazakhstan H
67%
Paris Lutte - Gréco-romaine - Moins de 77 kg Argent Kazakhstan H
67%
Tokyo Haltérophilie - Moins 61 kg Bronze Kazakhstan H
67%
Paris Judo - Moins de 66 kg Bronze Kazakhstan | Moldavie H
67%
Paris Lutte - Gréco-romaine - Moins de 60 kg Bronze Kirghizistan | Corée-du-Nord H
67%
Paris Lutte - Gréco-romaine - Moins de 97kg Bronze Kirghizistan | Cuba H
67%
Paris Natation - 200 m brasse Argent Nouvelle-Zélande H
67%
Paris Lutte - Moins de 74 kg Or Ouzbékistan H
67%
Paris Judo - Plus de 100 kg Bronze Ouzbékistan | Tadjikistan H
67%
Paris Gymnastique artistique - Barres parallèles Argent Ukraine H
67%
Tokyo Lutte - Gréco-romaine - Moins de 67 kg Argent Ukraine H
67%
Tokyo Lutte - Gréco-romaine - Moins de 87 kg Or Ukraine H
67%
Tokyo Natation - 1500 m nage libre Argent Ukraine H
67%
Tokyo Natation - 800 m nage libre Bronze Ukraine H
67%
Paris Gymnastique artistique - Saut de cheval Argent Arménie H
56%
Paris Lutte - Gréco-romaine - Moins de 97kg Argent Arménie H
56%
Tokyo Gymnastique artistique - Saut de cheval Bronze Arménie H
56%
Tokyo Lutte - Gréco-romaine - Moins de 97kg Argent Arménie H
56%
Paris Judo - Moins de 100 kg Or Azerbaïdjan H
56%
Paris Judo - Moins de 73 kg Or Azerbaïdjan H
56%
Tokyo Lutte - Moins de 65 kg Argent Azerbaïdjan H
56%
Paris Lutte - Moins de 97 kg Bronze Azerbaïdjan | Iran H
56%
Paris Lutte - Gréco-romaine - Moins de 130 kg Or Cuba H
56%
Tokyo Lutte - Gréco-romaine - Moins de 130 kg Or Cuba H
56%
Tokyo Lutte - Gréco-romaine - Moins de 60 kg Or Cuba H
56%
Paris Judo - Moins de 100 kg Argent Géorgie H
56%
Paris Judo - Moins de 81 kg Argent Géorgie H
56%
Paris Judo - Moins de 90 kg Or Géorgie H
56%
Paris Lutte - Moins de 125 kg Or Géorgie H
56%
Paris Lutte - Moins de 97 kg Argent Géorgie H
56%
Tokyo Judo - Moins de 66 kg Argent Géorgie H
56%
Tokyo Judo - Moins de 73 kg Argent Géorgie H
56%
Tokyo Judo - Moins de 90 kg Or Géorgie H
56%
Tokyo Judo - Plus de 100 kg Argent Géorgie H
56%
Tokyo Lutte - Gréco-romaine - Moins de 130 kg Argent Géorgie H
56%
Tokyo Lutte - Moins de 125 kg Argent Géorgie H
56%
Paris Lutte - Gréco-romaine - Moins de 67 kg Or Iran H
56%
Paris Lutte - Gréco-romaine - Moins de 87 kg Argent Iran H
56%
Paris Lutte - Gréco-romaine - Moins de 97kg Or Iran H
56%
Paris Lutte - Moins de 125 kg Argent Iran H
56%
Paris Lutte - Moins de 65 kg Argent Iran H
56%
Paris Lutte - Moins de 86 kg Argent Iran H
56%
Tokyo Lutte - Gréco-romaine - Moins de 67 kg Or Iran H
56%
Tokyo Lutte - Moins de 86 kg Argent Iran H
56%
Paris Gymnastique artistique - Sol Argent Israël H
56%
Tokyo Gymnastique artistique - Sol Or Israël H
56%
Paris Lutte - Gréco-romaine - Moins de 77 kg Bronze Kirghizistan | Arménie H
56%
Tokyo Judo - Moins de 81 kg Argent Mongolie H
56%
Paris Natation - 100 m nage libre Bronze Roumanie H
56%
Paris Natation - 200 m nage libre Or Roumanie H
56%
Tokyo Golf Argent Slovaquie H
56%
Paris Haltérophilie - Moins 61 kg Argent Thaïlande H
56%
Paris Haltérophilie - Moins 73 kg Argent Thaïlande H
56%
Tokyo Lutte - Moins de 74 kg Argent Biélorussie H
44%
Paris Haltérophilie - Moins 73 kg Bronze Bulgarie H
44%
Paris Lutte - Gréco-romaine - Moins de 87 kg Or Bulgarie H
44%
Paris Lutte - Moins de 86 kg Or Bulgarie H
44%
Paris Lutte - Gréco-romaine - Moins de 130 kg Argent Chili H
44%
Tokyo Gymnastique artistique - Barre fixe Argent Croatie H
44%
Paris Lutte - Gréco-romaine - Moins de 67 kg Argent Kirghizistan H
44%
Tokyo Lutte - Gréco-romaine - Moins de 77 kg Argent Kirghizistan H
44%
Tokyo Judo - Plus de 100 kg Or Tchéquie H
44%
Paris Lutte - Moins de 65 kg Bronze Albanie | Porto Rico H
33%
Tokyo Golf Bronze Taïwan H
33%
Tokyo Gymnastique artistique - Cheval d'arçons Argent Taïwan H
33%
Tokyo Judo - Moins de 60 kg Argent Taïwan H
33%
Tokyo Natation - 400 m nage libre Or Tunisie H
33%
Tokyo Haltérophilie - Moins 73 kg Argent Venezuela H
33%
Paris Haltérophilie - Moins 73 kg Or Indonésie H
22%
Tokyo Haltérophilie - Moins 61 kg Argent Indonésie H
22%
Tokyo Haltérophilie - Moins 73 kg Bronze Indonésie H
22%
Paris Gymnastique artistique - Saut de cheval Or Philippines H
22%
Paris Gymnastique artistique - Sol Or Philippines H
22%
Paris Lutte - Moins de 97 kg Or Bahreïn H
0%
Paris Natation - 100 m brasse Bronze Non attribuée H
0%
Aucun quiz correspondant
Distribution des résultats
% des personnes avec chaque résultat
Percentile par nombre de réponses
Votre historique - résultats
Vous n’avez pas pris ce quiz